<?xml version="1.0" encoding="UTF-8"?>
<record
    xmlns:xsi="http://www.w3.org/2001/XMLSchema-instance"
    xsi:schemaLocation="http://www.loc.gov/MARC21/slim http://www.loc.gov/standards/marcxml/schema/MARC21slim.xsd"
    xmlns="http://www.loc.gov/MARC21/slim">

  <leader>01834nam a2200277 a 4500</leader>
  <controlfield tag="001">1540329</controlfield>
  <controlfield tag="003">OSt</controlfield>
  <controlfield tag="005">20210921155614.0</controlfield>
  <controlfield tag="008">160929s2014    ck     gr     00011dspa d</controlfield>
  <datafield tag="020" ind1=" " ind2=" ">
    <subfield code="a">9789584237934</subfield>
  </datafield>
  <datafield tag="040" ind1=" " ind2=" ">
    <subfield code="a">CO-BoBLA </subfield>
    <subfield code="b">spa </subfield>
    <subfield code="c">CO-BqBPB</subfield>
  </datafield>
  <datafield tag="043" ind1=" " ind2=" ">
    <subfield code="a">s-ck---</subfield>
  </datafield>
  <datafield tag="082" ind1="0" ind2="4">
    <subfield code="a">JN</subfield>
    <subfield code="b">SERd</subfield>
  </datafield>
  <datafield tag="100" ind1="1" ind2=" ">
    <subfield code="a">Serrano, Enrique, </subfield>
    <subfield code="d">1960-</subfield>
  </datafield>
  <datafield tag="240" ind1="1" ind2="0">
    <subfield code="a">Santander-Bibliograf&#xED;a regional</subfield>
  </datafield>
  <datafield tag="245" ind1="1" ind2="3">
    <subfield code="a">La diosa mortal / </subfield>
    <subfield code="c">Enrique Serrano.</subfield>
  </datafield>
  <datafield tag="260" ind1=" " ind2=" ">
    <subfield code="a">Bogot&#xE1; : </subfield>
    <subfield code="b">Editorial Planeta Colombiana, </subfield>
    <subfield code="c">2014.</subfield>
  </datafield>
  <datafield tag="300" ind1=" " ind2=" ">
    <subfield code="a">270 p&#xE1;ginas ; </subfield>
    <subfield code="c">22 cm.</subfield>
  </datafield>
  <datafield tag="490" ind1=" " ind2=" ">
    <subfield code="a">Seix Barral. Biblioteca breve</subfield>
  </datafield>
  <datafield tag="500" ind1=" " ind2=" ">
    <subfield code="a">Vuelve uno de los escritores de novela hist&#xF3;rica m&#xE1;s prestigiosos de Colombia. Esta vez nos trae una novela sobre Livia, la poderosa esposa del emperador Augusto, madre de Tiberio, abuela de Claudio, bisabuela de Cal&#xED;gula Livia fue el poder tras el poder. Su personalidad ha sido objeto de curiosidad de historiadores, cineastas y escritores, entre ellos del gran Robert Graves, quien la inmortaliz&#xF3; en su exitosa novela Yo, Claudio, que despu&#xE9;s tuvo una serie de televisi&#xF3;n. Livia tuvo una vida
signada por el equ&#xED;voco: acompa&#xF1;&#xF3; a grandes hombres, estuvo en una &#xE9;poca decisiva, y dej&#xF3; huellas espirituales que marcaron los siglos.

La diosa mortal lleva al lector a la &#xE9;poca del Imperio romano para reconstruir la vida de una mujer muy poderosa, pol&#xE9;mica, y por lo mismo, fascinante, a trav&#xE9;s de las voces de amigos y enemigos, de mujeres y hombres, de j&#xF3;venes y viejos, que dar&#xE1;n al lector una oportunidad
de conocer al ser humano total que fue Livia Drusila, al margen de su conocida crueldad.</subfield>
  </datafield>
  <datafield tag="600" ind1="0" ind2="4">
    <subfield code="a">Livia, </subfield>
    <subfield code="d">55-29</subfield>
    <subfield code="v"> Novela.</subfield>
  </datafield>
  <datafield tag="600" ind1="0" ind2="4">
    <subfield code="a">Claudio, </subfield>
    <subfield code="c">Emperador de Roma, </subfield>
    <subfield code="d">10 a. de J. C.-54</subfield>
    <subfield code="v"> Novela.</subfield>
  </datafield>
  <datafield tag="650" ind1=" " ind2="4">
    <subfield code="a">Novela colombiana.</subfield>
  </datafield>
  <datafield tag="942" ind1=" " ind2=" ">
    <subfield code="2">ddc</subfield>
    <subfield code="c">BKLIT</subfield>
  </datafield>
  <datafield tag="949" ind1=" " ind2=" ">
    <subfield code="a">n           </subfield>
    <subfield code="b">n</subfield>
  </datafield>
  <datafield tag="999" ind1=" " ind2=" ">
    <subfield code="c">13843</subfield>
    <subfield code="d">13843</subfield>
  </datafield>
  <datafield tag="952" ind1=" " ind2=" ">
    <subfield code="0">0</subfield>
    <subfield code="1">0</subfield>
    <subfield code="2">ddc</subfield>
    <subfield code="4">0</subfield>
    <subfield code="7">0</subfield>
    <subfield code="8">LJ</subfield>
    <subfield code="a">BPMOS</subfield>
    <subfield code="b">BPMOS</subfield>
    <subfield code="d">2021-09-21</subfield>
    <subfield code="e">COMPRA</subfield>
    <subfield code="l">1</subfield>
    <subfield code="o">JN SERd</subfield>
    <subfield code="p">MOS501717</subfield>
    <subfield code="r">2022-11-11</subfield>
    <subfield code="s">2022-10-27</subfield>
    <subfield code="t">ej 1</subfield>
    <subfield code="w">2021-09-21</subfield>
    <subfield code="y">BKLIT</subfield>
    <subfield code="z">Quince dias</subfield>
  </datafield>
  <datafield tag="952" ind1=" " ind2=" ">
    <subfield code="0">0</subfield>
    <subfield code="1">0</subfield>
    <subfield code="2">ddc</subfield>
    <subfield code="4">0</subfield>
    <subfield code="7">0</subfield>
    <subfield code="8">LJ</subfield>
    <subfield code="a">BPMOS</subfield>
    <subfield code="b">BPMOS</subfield>
    <subfield code="d">2021-09-21</subfield>
    <subfield code="e">COMPRA</subfield>
    <subfield code="l">1</subfield>
    <subfield code="o">JN SERd</subfield>
    <subfield code="p">MOS501718</subfield>
    <subfield code="r">2021-11-12</subfield>
    <subfield code="s">2021-11-04</subfield>
    <subfield code="t">ej 2</subfield>
    <subfield code="w">2021-09-21</subfield>
    <subfield code="y">BKLIT</subfield>
    <subfield code="z">Quince dias</subfield>
  </datafield>
</record>
